00308nam a2200121Ia 4500008004100000020001400041050001500055100001900070245003300089260002700122300002400149650001300173150202s9999 xx 000 0 und d a330267116 aFIC bFIC  aSmith, Wilbur. aMen of men /cWilbur Smith. aGreat Britain :c1981. a524 pages :c18 cm. aFiction.